LEADER 01190nam a2200241 u 4500 001 000000015762 003 CaOOAMICUS 005 20070226105921.0 008 940804s1957 au u000 u ger u 035 $a10368184 040 $aIME$bita 100 1 $aFichtenau, Heinrich,$d1912-2000.$0(OLS)http://pul/name/737 245 10$aArenga :$bSpätantike und Mittelalter im Spiegel von Urkundenformeln /$cvon Heinrich Fichtenau. 260 $aGraz ;$aKöln :$bH. Böhlau,$c1957. 300 $a244 p. ;$c25 cm 490 1 $aMitteilungen des Instituts für Österreichische Geschichtsforschung.$aErgänzungsband ;$v18. 650 4$aDiplomatica$yEvo medio.$0(OLS)http://pul/subject/11078 830 0$aMitteilungen des Instituts für Österreichische Geschichtsforschung.$pErgänzungsband ;$v18.$0(OLS)http://pul/title/22571 850 $aPUL 852 $aPUL$W1$xDP1 Fondo Maccarrone$y58$m1510 A 26$j22161$nBK-PRI$b $qFondi$B22161$CPULBib$Z2$F22161 $H $81 941 1 $a1 996 $6245$aArenga :$bSpätantike und Mittelalter im Spiegel von Urkundenformeln$9(OLS)http://pul/title/22570 996 $6260$aGraz ;$aKöln :$bH. Böhlau$9(OLS)http://pul/publisher/54821 LEADER 00859naa a2200217 u 4500 001 000000093355 003 CaOOAMICUS 005 20070226130133.0 008 010703m19361937fr u000 u fre u 035 $a10895218 040 $aPUL(R)$bita 100 1 $aLeener, Georges de,$d1879-$0(OLS)http://pul/name/60084 245 10$aRègles générales du droit des communications internationales /$cpar Georges de Leener. 260 $a[S. l. :$bs. n.],$c1935-1936. 300 $aP. [1-86] 504 $aBibliografia in nota. 650 4$aDiritto commerciale internazionale.$0(OLS)http://pul/subject/25158 773 0 $tRecueil des cours$gv.I (1936) 773 0 $tRecueil des cours 1936$w()59608 996 $6245$aRègles générales du droit des communications internationales$9(OLS)http://pul/title/120226 996 $6260$a[S. l. :$bs. n.]$9(OLS)http://pul/publisher/47882